| LDR | | 00000nam c2200205 c 4500 |
| 001 | | 000000339436 |
| 005 | | 20251211101250 |
| 007 | | ta |
| 008 | | 251118s2025 ulk r 000af kor |
| 020 | |
▼a 9788932044057
▼g 03810 :
▼c \5500 |
| 040 | |
▼a 248032
▼c 248032
▼d 248032 |
| 049 | 0 |
▼l EM111527 |
| 056 | |
▼a 813.6
▼2 4 |
| 090 | |
▼a 813.6
▼b 김78`2ㅅ |
| 245 | 20 |
▼a 소설 보다 여름 2025 /
▼d 김지연,
▼e 이서아,
▼e 함윤이 |
| 250 | |
▼a 초판 |
| 260 | |
▼a 서울 :
▼b 문학과지성사,
▼c 2025 |
| 300 | |
▼a 178 p. ;
▼c 19 cm |
| 505 | 00 |
▼t 무덤을 보살피다 /
▼d 김지연 --
▼t 방랑, 파도 /
▼d 이서아 --
▼t 우리의 적들이 산을 오를 때 /
▼d 함윤이 |
| 653 | |
▼a 한국소설
▼a 한국현대소설
▼a 한국문학 |
| 700 | 1 |
▼a 김지연,
▼e 저 |
| 700 | 1 |
▼a 이서아,
▼e 공저 |
| 700 | 1 |
▼a 함윤이,
▼e 공저 |
| 740 | 2 |
▼a 무덤을 보살피다 |
| 740 | 2 |
▼a 방랑, 파도 |
| 740 | 2 |
▼a 우리의 적들이 산을 오를 때 |
| 950 | 0 |
▼b \5500 |
| 990 | |
▼a 관리자2
▼b 관리자2 |